[Event "King's Gambit (1600-1900)"]
[Site "SchemingMind.com"]
[Date "2008.12.09"]
[Round "-"]
[White "hlchess"]
[Black "sthorwall"]
[Result "0-1"]
[WhiteCountry "USA"]
[BlackCountry "USA"]
[WhiteElo "1879"]
[WhiteRD "94"]
[BlackElo "1763"]
[BlackRD "56"]
[GameID "182290"]

1. e4 e5 2. f4 exf4 3. Nf3 d6 4. d4 g5 5. h4 g4 6. Ng5 f3 7. Bc4 Nh6 8. gxf3 Nc6 9. fxg4 Bxg4 10. Bxf7+ Kd7
11. Qd3 Nxf7 12. Nxf7 Qf6 13. Nxh8 Nxd4 14. Bg5 Nf3+ 15. Kf2 Nxg5+ 16. Kg3 Qe5+ 17. Kxg4 h5+ 18. Kxh5 Nxe4+ 19. Kg6 Qf6+
0-1

[Event "King's Gambit (1600-1900)"]
[Site "SchemingMind.com"]
[Date "2008.12.09"]
[Round "-"]
[White "sthorwall"]
[Black "hlchess"]
[Result "1-0"]
[WhiteCountry "USA"]
[BlackCountry "USA"]
[WhiteElo "1791"]
[WhiteRD "53"]
[BlackElo "1885"]
[BlackRD "82"]
[GameID "182291"]

1. e4 e5 2. f4 exf4 3. Nf3 g5 4. h4 g4 5. Ne5 Nf6 6. Bc4 d5 7. exd5 Nxd5 8. Nc3 Be6 9. Nxd5 Bxd5 10. d4 Nc6
11. Bxf4 Bg7 12. Qxg4 Bxe5 13. Bxe5 Nxe5 14. Qg7 Nxc4 15. Qxh8+ Kd7 16. Qxd8+ Rxd8 17. b3 Ne3 18. Kd2 Nxg2 19. c4 Be4 20. Rh2 Nf4
21. Ke3 f5 22. Kxf4 Rg8 23. Ke5 Ke7 24. Rf1 a5 25. h5 a4 26. bxa4 Ra8 27. Rg1 Ra5+ 28. c5 Kd7 29. Rg7+ Kc6 30. Rxh7 Rxa4
31. Rh6+ Kb5 32. Rf6 Kc4 33. h6 Kd3 34. h7 Rxd4 35. h8=Q Ke3 36. Rh3+ Bf3 37. Qh6+
1-0

[Event "King's Gambit (1600-1900)"]
[Site "SchemingMind.com"]
[Date "2008.12.09"]
[Round "-"]
[White "mebalse"]
[Black "sthorwall"]
[Result "1-0"]
[WhiteCountry "URU"]
[BlackCountry "USA"]
[WhiteElo "1848"]
[WhiteRD "72"]
[BlackElo "1791"]
[BlackRD "53"]
[GameID "182520"]

1. e4 e5 2. f4 exf4 3. Nf3 g5 4. d4 h6 5. h4 Bg7 6. hxg5 hxg5 7. Rxh8 Bxh8 8. c4 d6 9. Nc3 Bg4 10. Ne2 Nc6
11. d5 Bxf3 12. gxf3 Nce7 13. Bh3 c5 14. Qa4+ Kf8 15. Qc2 Ng6 16. Bd2 g4 17. Bxg4 Qh4+ 18. Kd1 Nf6 19. Be1 Nxg4 20. fxg4 Qxg4
21. Bf2 Qg2 22. Ke1 Qh1+ 23. Ng1 Qh5 24. Qe2 f3 25. Qxf3 Qxf3 26. Nxf3 Bxb2 27. Rb1 Bc3+ 28. Ke2 Nf4+ 29. Ke3 Ng2+ 30. Kd3 Bg7
31. Rxb7 Kg8 32. Bg3 Bf8 33. Ke2
1-0

[Event "King's Gambit (1600-1900)"]
[Site "SchemingMind.com"]
[Date "2008.12.09"]
[Round "-"]
[White "mebalse"]
[Black "hlchess"]
[Result "0-1"]
[WhiteCountry "URU"]
[BlackCountry "USA"]
[WhiteElo "1848"]
[WhiteRD "72"]
[BlackElo "1885"]
[BlackRD "82"]
[GameID "182521"]

1. e4 e5 2. f4 exf4 3. Nf3 g5 4. h3 Bg7 5. d4 d6 6. c3 Nc6 7. d5 Ne5 8. Be2 h6 9. Na3 Nf6 10. Nxe5 dxe5
11. Bf3 Bd7 12. c4 c6 13. Bd2 cxd5 14. cxd5 Rc8 15. Bc3 a6 16. Qb3 b5 17. Bxe5 O-O 18. O-O Re8 19. Bxf6 Bxf6 20. Rad1 Qb6+
21. Kh1 Rc7 22. Rfe1 Be5 23. Nc2 Rec8 24. Nb4 a5 25. Nd3 Bg7 26. e5 Bf5 27. d6 Rd7 28. Rd2 Be6 29. Bd5 a4 30. Bxe6 axb3
31. Bxd7 Rd8 32. Bf5 bxa2 33. b4 Ra8 34. Ra1 Qd4 35. Rdxa2 Rxa2 36. Rxa2 Bxe5 37. d7 Bf6 38. Ra8+ Kg7 39. Rc8 Be7 40. Nc5 Qxb4
41. d8=Q Bxd8 42. Rxd8 Qxc5 43. Bg4 b4
0-1

[Event "King's Gambit (1600-1900)"]
[Site "SchemingMind.com"]
[Date "2008.12.14"]
[Round "-"]
[White "sthorwall"]
[Black "mebalse"]
[Result "1-0"]
[WhiteCountry "USA"]
[BlackCountry "URU"]
[WhiteElo "1763"]
[WhiteRD "56"]
[BlackElo "1853"]
[BlackRD "75"]
[GameID "182522"]

1. e4 e5 2. f4 exf4 3. Nf3 g5 4. h4 g4 5. Ne5 h5 6. Bc4 Qe7 7. d4 f6 8. Bxf4 fxe5 9. Bxe5 Nf6 10. O-O Bg7
11. Bxc7 d5 12. e5 Ne4 13. Bxd5 Qxh4 14. Bxe4 Rh6 15. Qd3 Qg5 16. Qb3 Bf8 17. Qf7#
1-0

[Event "King's Gambit (1600-1900)"]
[Site "SchemingMind.com"]
[Date "2008.12.09"]
[Round "-"]
[White "hlchess"]
[Black "mebalse"]
[Result "1-0"]
[WhiteCountry "USA"]
[BlackCountry "URU"]
[WhiteElo "1885"]
[WhiteRD "82"]
[BlackElo "1848"]
[BlackRD "72"]
[GameID "182523"]

1. e4 e5 2. f4 exf4 3. Nf3 d5 4. exd5 Qxd5 5. Nc3 Qh5 6. d4 Bd6 7. Bc4 Bg4 8. O-O Nc6 9. Qe1+ Nge7 10. Nd5 O-O
11. c3 Rfe8 12. Qf2 Nf5 13. Nxf4 Bxf4 14. Bxf4 Re7 15. h3 Bxf3 16. Qxf3 Qxf3 17. Rxf3 Rae8 18. Kf2 a6 19. Bg5 Nd6 20. Bxe7 Nxc4
21. Ba3 Nxa3 22. bxa3 f6 23. Re1 Rxe1 24. Kxe1 Na5 25. Kd2 Nc4+ 26. Kd3 Nxa3 27. c4 b5 28. cxb5 Nxb5 29. Kc4 Kf7 30. Re3 f5
31. Kc5 h6 32. a4 Nd6 33. Kc6 Nc4 34. Rf3 Ke6 35. Kxc7 g6 36. Kb7 Kd5 37. Kxa6 Nd6 38. Rf1 g5 39. a5 f4 40. Kb6 Nc4+
41. Kb5 Nxa5 42. Kxa5 Kxd4 43. Kb4 Ke4 44. Kc3 h5 45. Kd2 g4 46. hxg4 hxg4 47. Ke2
1-0

[Event "King's Gambit (1600-1900)"]
[Site "SchemingMind.com"]
[Date "2008.12.16"]
[Round "-"]
[White "agulla"]
[Black "mebalse"]
[Result "0-1"]
[WhiteCountry "ESP"]
[BlackCountry "URU"]
[WhiteElo "1727"]
[WhiteRD "85"]
[BlackElo "1873"]
[BlackRD "75"]
[GameID "182977"]

1. e4 e5 2. f4 d5 3. exd5 exf4 4. Nf3 f6 5. c4 Bg4 6. Be2 Bc5 7. d4 Bb4+ 8. Bd2 Bxd2+ 9. Qxd2 Bxf3 10. Bxf3 g5
11. Bh5+ Kf8 12. O-O Qd6 13. Nc3 Ne7 14. Rae1 Ng6 15. Re6 Qd8 16. Ne4 Nd7 17. g3 Kg7 18. Bxg6 hxg6 19. gxf4 gxf4 20. Qxf4 Rf8
21. d6 cxd6 22. Qxd6 Re8 23. Rxe8 Qxe8 24. Qf4 Qe6 25. d5 Qb6+ 26. Qf2 Qxf2+ 27. Rxf2 f5 28. Ng5 b6 29. Re2 Nc5 30. Ne6+ Nxe6
31. Rxe6 Rc8 32. Rc6 Ra8 33. b4 Kf7 34. Kg2 g5 35. Kg3 a5 36. b5 Re8 37. d6 Re3+ 38. Kf2 Ra3 39. Rxb6 Rxa2+
0-1

[Event "King's Gambit (1600-1900)"]
[Site "SchemingMind.com"]
[Date "2008.12.16"]
[Round "-"]
[White "agulla"]
[Black "sthorwall"]
[Result "1/2-1/2"]
[WhiteCountry "ESP"]
[BlackCountry "USA"]
[WhiteElo "1723"]
[WhiteRD "86"]
[BlackElo "1791"]
[BlackRD "53"]
[GameID "182979"]

1. e4 e5 2. f4 exf4 3. Nf3 d6 4. d4 g5 5. h4 g4 6. Ng1 Bh6 7. Nc3 Nc6 8. Bb5 Bd7 9. Nge2 f3 10. gxf3 gxf3
11. Ng3 Bg4 12. Bxc6+ bxc6 13. Kf2 Bxc1 14. Qxc1 h5 15. Qf4 Qf6 16. Qxf6 Nxf6 17. Rae1 Rb8 18. b3 O-O 19. Rhg1 Kh7 20. Nf5 Rfe8
21. Ng3 Rb4 22. e5 dxe5 23. dxe5 Nd5 24. Nce4 Rxe5 25. Nf6+ Nxf6 26. Rxe5 Rd4 27. Rc5 Rd2+ 28. Ke3 Rg2 29. Rxg2 fxg2 30. Kf2 Bh3
31. Rxc6 Ng4+= 32. Kg1 Ne5 33. Rc3 Kh6 34. Ne2 Bg4 35. Nf4 Nf3+ 36. Rxf3 Bxf3 37. Nxg2=
1/2-1/2

[Event "King's Gambit (1600-1900)"]
[Site "SchemingMind.com"]
[Date "2008.12.16"]
[Round "-"]
[White "agulla"]
[Black "hlchess"]
[Result "0-1"]
[WhiteCountry "ESP"]
[BlackCountry "USA"]
[WhiteElo "1723"]
[WhiteRD "86"]
[BlackElo "1885"]
[BlackRD "82"]
[GameID "182980"]

1. e4 e5 2. f4 exf4 3. Nf3 g5 4. Bc4 d6 5. h4 g4 6. Ng5 Nh6 7. d4 Bg7 8. Bxf4 Nc6 9. c3 Bd7 10. Nd2 Qe7
11. O-O O-O-O 12. d5 Ne5 13. Be2 f6 14. Ne6 Bxe6 15. dxe6 Qxe6 16. Qa4 Kb8 17. b4 d5 18. Qb3 Rhe8 19. exd5 Qxd5 20. c4 Qd7
21. Ne4 Qd4+
0-1

[Event "King's Gambit (1600-1900)"]
[Site "SchemingMind.com"]
[Date "2008.12.12"]
[Round "-"]
[White "mebalse"]
[Black "agulla"]
[Result "1-0"]
[WhiteCountry "URU"]
[BlackCountry "ESP"]
[WhiteElo "1873"]
[WhiteRD "75"]
[BlackElo "1727"]
[BlackRD "85"]
[GameID "182981"]

1. e4 e5 2. f4 d5 3. exd5 e4 4. c4 Nf6 5. Nc3 c6 6. dxc6 Nxc6 7. a3 Bc5 8. h3 O-O 9. Nge2 Re8 10. b4 Bb6
11. c5 Bc7 12. Qc2 Nd4 13. Nxd4 Qxd4 14. Bb2 e3 15. Ne2 exd2+ 16. Qxd2 Qxd2+ 17. Kxd2 Ne4+ 18. Kc1 Nf2 19. Rg1 Nd3+ 20. Kc2 Nxf4
21. Nxf4 Bxf4 22. g4 Be6 23. Bb5 Red8 24. Rad1 Kf8 25. a4 Rac8 26. a5 Rd5 27. Rxd5 Bxd5 28. Bd4 Be4+ 29. Kc3 b6 30. axb6 axb6
31. Re1 Bd5 32. Bd7 bxc5 33. Bxc5+
1-0

[Event "King's Gambit (1600-1900)"]
[Site "SchemingMind.com"]
[Date "2008.12.14"]
[Round "-"]
[White "sthorwall"]
[Black "agulla"]
[Result "0-1"]
[WhiteCountry "USA"]
[BlackCountry "ESP"]
[WhiteElo "1763"]
[WhiteRD "56"]
[BlackElo "1728"]
[BlackRD "91"]
[GameID "182983"]

1. e4 e5 2. f4 exf4 3. Bc4 Nf6 4. Nc3 Bc5 5. d4 Bb4 6. Bxf4 O-O 7. Qd3 d5 8. exd5 Nxd5 9. Ne2 Nxf4 10. Nxf4 Re8+
11. Ne2 Bxc3+ 12. Qxc3 Bg4 13. h3 Bxe2 14. Bxe2 Qh4+ 15. g3 Qe4 16. O-O-O Nc6 17. d5 Nb4 18. Qd4 Qxc2#
0-1

[Event "King's Gambit (1600-1900)"]
[Site "SchemingMind.com"]
[Date "2008.12.14"]
[Round "-"]
[White "hlchess"]
[Black "agulla"]
[Result "1-0"]
[WhiteCountry "USA"]
[BlackCountry "ESP"]
[WhiteElo "1885"]
[WhiteRD "82"]
[BlackElo "1723"]
[BlackRD "86"]
[GameID "182984"]

1. e4 e5 2. f4 d5 3. exd5 exf4 4. Nf3 g5 5. Bc4 h6 6. d4 Nf6 7. Nc3 Bb4 8. Qe2+ Kf8 9. Bd2 Kg7 10. O-O Bg4
11. h3 Bh5 12. Qd3 Nbd7 13. a3 Bd6 14. Rae1 Nb6 15. Bb3 Bg6 16. Qe2 Re8 17. Qf2 Ne4 18. Nxe4 Bxe4 19. h4 g4 20. Ne5 Bxe5
21. dxe5 Nxd5 22. Rxe4 g3 23. Qf3 Qxh4 24. Rfe1 Rad8 25. Bxd5 Rxd5 26. Bxf4 Qh2+ 27. Kf1
1-0

[Event "King's Gambit (1600-1900)"]
[Site "SchemingMind.com"]
[Date "2008.12.17"]
[Round "-"]
[White "Clive Everill"]
[Black "agulla"]
[Result "0-1"]
[WhiteCountry "CZE"]
[BlackCountry "ESP"]
[WhiteElo "1648"]
[WhiteRD "49"]
[BlackElo "1723"]
[BlackRD "86"]
[GameID "183038"]

1. e4 e5 2. f4 exf4 3. Nf3 g5 4. h4 g4 5. Ne5 d6 6. Nxg4 Be7 7. d4 Bxh4+ 8. Nf2 Qg5 9. Qf3 Bg4 10. Qxf4 Bxf2+
11. Kxf2 Qxf4+ 12. Bxf4 Nd7 13. Nc3 Ngf6 14. Bc4 Be6 15. d5 Bg4 16. Nb5 O-O-O 17. Bd3 a6 18. Na7+ Kb8 19. Be3 Nc5 20. b4 Ncxe4+
21. Bxe4 Nxe4+ 22. Ke1 Nc3 23. a4 Rde8 24. Kd2 Rxe3 25. Kxe3 Kxa7 26. Kd4 Ne2+ 27. Kd3 Nf4+ 28. Kd4 f5 29. b5 axb5 30. axb5+ Kb6
31. c4 h5 32. Ra2 Re8 33. g3 Ne2+ 34. Kd3 Nxg3 35. Rg1 f4 36. Rf2 Re3+ 37. Kc2 Re2+ 38. Rxe2 Nxe2 39. Re1 f3 40. Kd2 Nf4
41. Rf1 Ng2 42. Kd3 h4 43. Ke4 h3 44. Rxf3 Bxf3+ 45. Kxf3 Nf4
0-1

[Event "King's Gambit (1600-1900)"]
[Site "SchemingMind.com"]
[Date "2008.12.12"]
[Round "-"]
[White "Clive Everill"]
[Black "mebalse"]
[Result "1-0"]
[WhiteCountry "CZE"]
[BlackCountry "URU"]
[WhiteElo "1637"]
[WhiteRD "49"]
[BlackElo "1853"]
[BlackRD "75"]
[GameID "183039"]

1. e4 e5 2. f4 Bc5 3. Nf3 Nc6 4. fxe5 Qe7 5. Nc3 Nxe5 6. Nd5 Nxf3+ 7. Qxf3 Qe5 8. Bc4 f6 9. d3 Bb6 10. c3 Kd8
11. Bf4 Qe8 12. Qg3 Qg6 13. Bxc7+ Bxc7 14. Qxc7+ Ke8 15. O-O Ne7 16. Nxe7 Kxe7 17. e5 Re8 18. exf6+ gxf6 19. Rae1+ Kf8 20. Qd6+ Kg7
21. Rxe8
1-0

[Event "King's Gambit (1600-1900)"]
[Site "SchemingMind.com"]
[Date "2008.12.17"]
[Round "-"]
[White "Clive Everill"]
[Black "sthorwall"]
[Result "1-0"]
[WhiteCountry "CZE"]
[BlackCountry "USA"]
[WhiteElo "1648"]
[WhiteRD "49"]
[BlackElo "1791"]
[BlackRD "53"]
[GameID "183041"]

1. e4 e5 2. f4 Bc5 3. Nf3 d6 4. Nc3 Nf6 5. Bc4 Nc6 6. d3 Bg4 7. h3 Bxf3 8. Qxf3 Nd4 9. Qd1 Qd7 10. fxe5 dxe5
11. Bg5 h6 12. Bxf6 gxf6 13. Nd5 O-O-O 14. Nxf6 Qd6 15. Nd5 Rhg8 16. Qd2 f5 17. O-O-O f4 18. b4 Bxb4 19. Nxb4 Rg3 20. c3 Ne6
21. Kc2 c6 22. a4 Nc5 23. a5 Qg6 24. Rhg1 Nxe4 25. Qe2 Re3 26. Qg4+ Qxg4 27. hxg4 Re2+ 28. Kb3 Nd2+ 29. Ka3 Nxc4+ 30. dxc4 Rxd1
31. Rxd1 Rxg2 32. Re1 Rxg4 33. Rxe5 f3 34. Rf5 Rxc4 35. Rxf3 a6 36. Kb3 Rc5 37. Ka4 Kc7 38. Rf7+ Kb8 39. Rf3 h5 40. Nc2 h4
41. Kb4 Rh5 42. Rh3 Kc7 43. c4 b6 44. axb6+ Kxb6 45. Ne3 a5+ 46. Kc3 c5 47. Nd5+ Kb7 48. Ne3 a4 49. Ng2 Re5 50. Nxh4 Re2
51. Rh1
1-0

[Event "King's Gambit (1600-1900)"]
[Site "SchemingMind.com"]
[Date "2008.12.14"]
[Round "-"]
[White "Clive Everill"]
[Black "hlchess"]
[Result "0-1"]
[WhiteCountry "CZE"]
[BlackCountry "USA"]
[WhiteElo "1637"]
[WhiteRD "49"]
[BlackElo "1879"]
[BlackRD "94"]
[GameID "183042"]

1. e4 e5 2. f4 exf4 3. Nf3 g5 4. h4 g4 5. Ne5 Nf6 6. Bc4 d5 7. exd5 Bd6 8. d4 Nh5 9. Nc3 Ng3 10. Rg1 Qf6
11. Nxg4 Bxg4 12. Qxg4 Qxd4 13. Ne2 Nxe2 14. Qxe2+ Kd7 15. Bb5+ c6 16. dxc6+ bxc6 17. Qg4+ Kc7 18. Rf1 cxb5 19. Bxf4 Re8+
0-1

[Event "King's Gambit (1600-1900)"]
[Site "SchemingMind.com"]
[Date "2008.12.16"]
[Round "-"]
[White "agulla"]
[Black "Clive Everill"]
[Result "0-1"]
[WhiteCountry "ESP"]
[BlackCountry "CZE"]
[WhiteElo "1728"]
[WhiteRD "91"]
[BlackElo "1637"]
[BlackRD "49"]
[GameID "183043"]

1. e4 e5 2. f4 exf4 3. Nf3 d6 4. d4 h6 5. Bxf4 Nf6 6. Nbd2 g5 7. Be3 Bg4 8. Qe2 Qe7 9. Bf2 Nbd7 10. O-O-O O-O-O
11. h3 Bh5 12. g4 Bg6 13. e5 dxe5 14. dxe5 Nd5 15. a3 Nc3 16. bxc3 Qxa3+ 17. Kb1 Qxc3 18. Ne4 Qb4+ 19. Ka2 Bxe4 20. Rd4 Qa3+
21. Kb1 Bxc2+ 22. Kxc2 Qa2+ 23. Kd1 Qb1+ 24. Kd2 Bb4+ 25. Ke3 Bc5 26. Qd3 Qc1+ 27. Ke4 Bxd4 28. Bxd4 Qf4+
0-1

[Event "King's Gambit (1600-1900)"]
[Site "SchemingMind.com"]
[Date "2008.12.12"]
[Round "-"]
[White "mebalse"]
[Black "Clive Everill"]
[Result "1-0"]
[WhiteCountry "URU"]
[BlackCountry "CZE"]
[WhiteElo "1848"]
[WhiteRD "72"]
[BlackElo "1648"]
[BlackRD "49"]
[GameID "183044"]

1. e4 e5 2. f4 exf4 3. Nf3 d6 4. d4 h6 5. Bxf4 Nf6 6. Bd3 Bg4 7. h3 Bh5 8. g4 Bg6 9. Nbd2 Nbd7 10. Qe2 Be7
11. O-O-O Nb6 12. Nh4 Bh7 13. Nf5 Bxf5 14. gxf5 Qd7 15. Rdg1 Rg8 16. e5 dxe5 17. dxe5 Nfd5 18. e6 fxe6 19. fxe6 Qc8 20. Bxh6 Bf6
21. Qh5+ Ke7 22. Qf7+ Kd6 23. Ne4+ Kc6 24. Nxf6 Nxf6 25. Bxg7 Nfd5 26. c4 Nb4 27. Qf3+ Kd6 28. Qf4+ Ke7 29. Qf6+ Kd6 30. Qe5+ Ke7
31. Bf6+ Kf8 32. Rxg8+
1-0

[Event "King's Gambit (1600-1900)"]
[Site "SchemingMind.com"]
[Date "2008.12.17"]
[Round "-"]
[White "sthorwall"]
[Black "Clive Everill"]
[Result "0-1"]
[WhiteCountry "USA"]
[BlackCountry "CZE"]
[WhiteElo "1791"]
[WhiteRD "53"]
[BlackElo "1648"]
[BlackRD "49"]
[GameID "183046"]

1. e4 e5 2. f4 exf4 3. Bc4 Qh4+ 4. Kf1 g5 5. Nf3 Qh5 6. d4 d6 7. c3 Bd7 8. Nbd2 Nf6 9. e5 Ng4 10. Ne4 Be7
11. g3 Qh3+ 12. Ke1 Bf5 13. Nfxg5 Bxg5 14. Nxg5 Qg2 15. Nxf7 Qxh1+ 16. Kd2 Qxh2+ 17. Qe2 Qxe2+ 18. Kxe2 Rf8 19. Bxf4 Nd7 20. exd6 Rxf7
21. Bxf7+ Kxf7 22. dxc7 Rc8 23. d5 Nde5 24. d6 Bd3+ 25. Ke1 Bc2 26. Bxe5 Nxe5 27. c4 Bf5 28. b3 a6 29. Kd2 b6 30. a4 Ke6
31. a5 bxa5 32. Rxa5 Nf3+ 33. Ke3 Bg4 34. Rxa6 Ne5 35. c5 Kd5 36. Ra5 Nc6 37. Rb5 Bd7 38. Kf4 Nd4 39. Rb8 Kxc5 40. Rxc8 Bxc8
41. g4 Kxd6 42. Kg5 Kxc7 43. Kh6 Bxg4 44. Kxh7 Nxb3 45. Kg6 Kd6 46. Kg5 Be6 47. Kf4 Kd5 48. Ke3 Nc5
0-1

[Event "King's Gambit (1600-1900)"]
[Site "SchemingMind.com"]
[Date "2008.12.14"]
[Round "-"]
[White "hlchess"]
[Black "Clive Everill"]
[Result "1-0"]
[WhiteCountry "USA"]
[BlackCountry "CZE"]
[WhiteElo "1879"]
[WhiteRD "94"]
[BlackElo "1637"]
[BlackRD "49"]
[GameID "183047"]

1. e4 e5 2. f4 exf4 3. Nf3 d6 4. d4 g5 5. h4 g4 6. Ng5 f6 7. Nh3 gxh3 8. Qh5+ Ke7 9. Nc3 c6 10. Bxf4 Qb6
11. Bc4 Be6 12. Bxe6 Kxe6 13. Qe8+ Be7 14. d5+ cxd5 15. exd5+ Kf5 16. Qh5+ Kxf4 17. Rf1+ Ke3 18. Qf3+ Kd4 19. O-O-O+ Kc4 20. Qd3+ Kb4
21. Rf4+ Kc5 22. Qd4#
1-0

[Event "King's Gambit (1600-1900)"]
[Site "SchemingMind.com"]
[Date "2008.12.16"]
[Round "-"]
[White "1tamad"]
[Black "agulla"]
[Result "1-0"]
[WhiteCountry "USA"]
[BlackCountry "ESP"]
[WhiteElo "1753"]
[WhiteRD "66"]
[BlackElo "1728"]
[BlackRD "91"]
[GameID "183276"]

1. e4 e5 2. f4 exf4 3. Nf3 Be7 4. h4 g5 5. hxg5 Bxg5 6. Bc4 d6 7. d4 Bg4 8. Nc3 Nd7 9. O-O h5 10. Qe1 Bxf3
11. Rxf3 h4 12. Bxf4 h3 13. Bxf7+
1-0

[Event "King's Gambit (1600-1900)"]
[Site "SchemingMind.com"]
[Date "2008.12.15"]
[Round "-"]
[White "1tamad"]
[Black "mebalse"]
[Result "0-1"]
[WhiteCountry "USA"]
[BlackCountry "URU"]
[WhiteElo "1732"]
[WhiteRD "63"]
[BlackElo "1848"]
[BlackRD "72"]
[GameID "183277"]

1. e4 e5 2. f4 exf4 3. Nf3 g5 4. Bc4 d6 5. d4 h6 6. O-O Nd7 7. Nc3 Nb6 8. Bb3 Be6 9. d5 Bg4 10. a4 Bg7
11. a5 Nd7 12. Qe1 Be5 13. Nd1 Nc5 14. Ba2 b5 15. Nxe5 dxe5 16. b4 Bxd1 17. bxc5 Bxc2 18. Qc3 Bxe4 19. Qxe5+ Qe7 20. Qxh8 Qxc5+
21. Kh1 O-O-O 22. Qe5 Bxd5 23. Bxd5 Qxd5 24. Qxd5 Rxd5 25. Ba3 c5 26. Rac1 c4 27. Rfd1 Nf6 28. Rxd5 Nxd5 29. Kg1 Kb7 30. Bc5 a6
31. Kf2 Kc6 32. Bd4 f5 33. h3 Nb4 34. Bg7 Nd3+ 35. Kf3 Nxc1 36. Bxh6 b4 37. Bxg5 b3
0-1

[Event "King's Gambit (1600-1900)"]
[Site "SchemingMind.com"]
[Date "2008.12.14"]
[Round "-"]
[White "1tamad"]
[Black "Clive Everill"]
[Result "1-0"]
[WhiteCountry "USA"]
[BlackCountry "CZE"]
[WhiteElo "1753"]
[WhiteRD "66"]
[BlackElo "1637"]
[BlackRD "49"]
[GameID "183278"]

1. e4 e5 2. f4 exf4 3. Nf3 d6 4. d4 h6 5. Bxf4 Nf6 6. Nc3 Bg4 7. Be2 Nc6 8. O-O Nh5 9. Be3 Qd7 10. e5 O-O-O
11. a4 dxe5 12. d5 Nb4 13. Nxe5 Bxe2 14. Qxe2 Qe8 15. Qxh5 Nxc2 16. Bxa7 Nxa1 17. Qf5+ Rd7 18. Rxa1 b6 19. a5 Bc5+ 20. Kh1 f6
21. Nxd7 Qxd7 22. Qxd7+ Kxd7 23. Nb5 Re8 24. g3 Re5 25. Rd1 Bb4 26. axb6 cxb6 27. Bxb6 Re2 28. Bd4 Be7 29. d6 Bd8 30. Rc1 Rd2
31. b4 Rd3 32. Bc5 g5 33. Ra1 Kc6 34. Nd4+ Kd5 35. Ra8 Rd1+ 36. Kg2 Rd2+ 37. Kh3 g4+ 38. Kxg4 f5+ 39. Nxf5 Bg5 40. h4 Bf6
41. Nxh6 Be5 42. Nf7 Bf6 43. d7
1-0

[Event "King's Gambit (1600-1900)"]
[Site "SchemingMind.com"]
[Date "2008.12.18"]
[Round "-"]
[White "1tamad"]
[Black "sthorwall"]
[Result "0-1"]
[WhiteCountry "USA"]
[BlackCountry "USA"]
[WhiteElo "1753"]
[WhiteRD "66"]
[BlackElo "1763"]
[BlackRD "56"]
[GameID "183280"]

1. e4 e5 2. f4 exf4 3. Nf3 g5 4. Bc4 g4 5. O-O gxf3 6. Qxf3 Qf6 7. Kh1 Nc6 8. d4 Nxd4 9. Qd3 f3 10. Kg1 Ne2+
11. Kh1 fxg2+ 12. Kxg2 Nxc1 13. Qd1 Qg7+ 14. Kh1 Qxb2 15. Bxf7+ Kd8 16. Nd2 Qxa1 17. Qh5 Qb2
0-1

[Event "King's Gambit (1600-1900)"]
[Site "SchemingMind.com"]
[Date "2008.12.14"]
[Round "-"]
[White "1tamad"]
[Black "hlchess"]
[Result "1-0"]
[WhiteCountry "USA"]
[BlackCountry "USA"]
[WhiteElo "1732"]
[WhiteRD "63"]
[BlackElo "1885"]
[BlackRD "82"]
[GameID "183281"]

1. e4 e5 2. f4 exf4 3. Nf3 g5 4. Bc4 d6 5. d4 Bg7 6. O-O Nc6 7. c3 h6 8. a4 Nf6 9. Nbd2 O-O 10. a5 a6
11. b4 Re8 12. Qb3 Qd7 13. Re1 Kf8 14. Ba3 Qd8 15. Bxf7 Re7 16. Bg6 Be6 17. d5 Bg8 18. Qc2 Ne5 19. Nxe5 Rxe5 20. Bb2 Re7
21. c4 Bf7 22. Bf5 Nd7 23. Bxg7+ Kxg7 24. Qc3+ Nf6 25. Nf3 Bg6 26. Nd4 Qe8 27. Ne6+ Kf7 28. Bxg6+ Kxg6 29. e5 dxe5 30. Qxe5 Kf7
31. Qf5 Qg8 32. Nc5 Rxe1+ 33. Rxe1 Re8 34. Re6 Qg6 35. Qxg6+ Kxg6 36. Rxe8 Nxe8 37. Nxb7 Kf5 38. b5 axb5 39. a6 c6 40. d6 Ke6
41. a7 Nxd6 42. a8=Q
1-0

[Event "King's Gambit (1600-1900)"]
[Site "SchemingMind.com"]
[Date "2008.12.16"]
[Round "-"]
[White "agulla"]
[Black "1tamad"]
[Result "1/2-1/2"]
[WhiteCountry "ESP"]
[BlackCountry "USA"]
[WhiteElo "1723"]
[WhiteRD "86"]
[BlackElo "1732"]
[BlackRD "63"]
[GameID "183282"]

1. e4 e5 2. f4 exf4 3. Nf3 Be7 4. Qe2 Bh4+ 5. Nxh4 Qxh4+ 6. Qf2 Qxf2+ 7. Kxf2 Nc6 8. c3 Nf6 9. d3 d5 10. Bxf4 dxe4
11. Bxc7 exd3 12. Bxd3 O-O 13. Nd2 Be6 14. Nf3 Rac8 15. Bf4 h6 16. h3 Rfd8 17. Bc2 Nb4 18. Bb1 Nd3+ 19. Bxd3 Rxd3 20. Ne5 Rd5
21. Rhe1 Rcd8 22. g4 Nd7 23. Re2 Nxe5 24. Bxe5 Rd3 25. Kg2 Rd2 26. Kf2 R8d3 27. Rh1 Bxa2 28. Bd4 a6 29. Be3 Rxe2+=
1/2-1/2

[Event "King's Gambit (1600-1900)"]
[Site "SchemingMind.com"]
[Date "2008.12.14"]
[Round "-"]
[White "mebalse"]
[Black "1tamad"]
[Result "1-0"]
[WhiteCountry "URU"]
[BlackCountry "USA"]
[WhiteElo "1848"]
[WhiteRD "72"]
[BlackElo "1732"]
[BlackRD "63"]
[GameID "183283"]

1. e4 e5 2. f4 exf4 3. d4 g5 4. b3 d6 5. Bb2 Bg7 6. h3 a6 7. c4 Nc6 8. Nf3 Qe7 9. Bd3 Nh6 10. Qe2 O-O
11. d5 Ne5 12. Nxe5 dxe5 13. Ba3 Qf6 14. Bxf8 Bxf8 15. Nd2 c6 16. Nf3 Bd7 17. a3 Be7 18. b4 b5 19. O-O Kh8 20. c5 cxd5
21. exd5 Rg8 22. Qxe5 g4 23. hxg4 Nxg4 24. Qxf6+ Bxf6 25. Ra2 Ne3 26. Be4 Nxf1 27. Kxf1 h6 28. c6 Bg4 29. Rd2 Rd8 30. d6 Bc3
31. c7 Rf8 32. Rd3 Bb2 33. d7
1-0

[Event "King's Gambit (1600-1900)"]
[Site "SchemingMind.com"]
[Date "2008.12.14"]
[Round "-"]
[White "Clive Everill"]
[Black "1tamad"]
[Result "0-1"]
[WhiteCountry "CZE"]
[BlackCountry "USA"]
[WhiteElo "1637"]
[WhiteRD "49"]
[BlackElo "1753"]
[BlackRD "66"]
[GameID "183284"]

1. e4 e5 2. f4 exf4 3. Nf3 Be7 4. Bc4 Bh4+ 5. Kf1 Nc6 6. Nc3 d6 7. h3 Be6 8. Bxe6 fxe6 9. d3 e5 10. Nd5 Bg3
11. c3 Nf6 12. Nxf6+ Qxf6 13. Bd2 O-O 14. Qb3+ Qf7 15. Qxb7 Qd7 16. b4 a6 17. b5 axb5 18. Qxb5 Rfb8 19. Qd5+ Kh8 20. a3 Ne7
21. Qa2 h6 22. Ke2 c6 23. h4 d5 24. exd5 cxd5 25. Nxe5 Qe6 26. d4 Ng6 27. Kd3 Nxe5+ 28. dxe5 Qxe5 29. Rhe1 Qf5+ 30. Ke2 Re8+
31. Kf1 Bxe1 32. Rxe1 Rxe1+ 33. Kxe1 Re8+ 34. Kd1 Qd3 35. Qc2 Qf1+
0-1

[Event "King's Gambit (1600-1900)"]
[Site "SchemingMind.com"]
[Date "2008.12.18"]
[Round "-"]
[White "sthorwall"]
[Black "1tamad"]
[Result "1-0"]
[WhiteCountry "USA"]
[BlackCountry "USA"]
[WhiteElo "1763"]
[WhiteRD "56"]
[BlackElo "1753"]
[BlackRD "66"]
[GameID "183286"]

1. e4 e5 2. f4 exf4 3. Nf3 Be7 4. Bc4 Bh4+ 5. Kf1 Nc6 6. Nc3 a6 7. d4 d6 8. Bxf4 Bg4 9. Be3 Qf6 10. Nd5 Qd8
11. h3 Bxf3 12. Qxf3 Nf6 13. g3 Nxd5 14. exd5 Bg5 15. dxc6 bxc6 16. Qxf7#
1-0

[Event "King's Gambit (1600-1900)"]
[Site "SchemingMind.com"]
[Date "2008.12.14"]
[Round "-"]
[White "hlchess"]
[Black "1tamad"]
[Result "1-0"]
[WhiteCountry "USA"]
[BlackCountry "USA"]
[WhiteElo "1885"]
[WhiteRD "82"]
[BlackElo "1732"]
[BlackRD "63"]
[GameID "183287"]

1. e4 e5 2. f4 exf4 3. Nf3 Be7 4. Bc4 Bh4+ 5. Kf1 Nc6 6. d4 d6 7. Bxf4 Bg4 8. c3 Qf6 9. Bg3 Bxf3 10. Qxf3 Bxg3
11. hxg3 O-O-O 12. Nd2 h6 13. Ke2 Qxf3+ 14. gxf3 Rf8 15. g4 Nge7 16. Rh2 a6 17. Rah1 Na5 18. Bd3 f6 19. f4 Ng6 20. Kf3 Ne7
21. g5 fxg5 22. f5 b5 23. Kg4 Nac6 24. Nf3 Kb7 25. Nxg5 Rf6 26. Ne6 Rg8 27. Nf4 Kb6 28. Kf3 g5 29. Ne6 Rh8 30. Nxg5 h5
31. Rxh5
1-0